Discipleship : (Record no. 4020)

MARC details
000 -LEADER
fixed length control field 01509cam a2200265 a 4500
001 - CONTROL NUMBER
control field 2314994
003 - CONTROL NUMBER IDENTIFIER
control field GBCCL
005 - DATE AND TIME OF LATEST TRANSACTION
control field 20241126110509.0
008 - FIXED-LENGTH DATA ELEMENTS--GENERAL INFORMATION
fixed length control field 810805s1981 miu b 000 0 eng
010 ## -
-- 81013081
020 ## - INTERNATIONAL STANDARD BOOK NUMBER
Canceled/invalid ISBN 031044461X (pbk.)
040 ## - CATALOGING SOURCE
Original cataloging agency DLC
Transcribing agency DLC
Modifying agency DLC
050 00 -
-- BV4501.2
-- .D54
082 00 - DEWEY DECIMAL CLASSIFICATION NUMBER
Classification number 253.7
Edition information 19
Item number DIS
245 00 - TITLE STATEMENT
Title Discipleship :
Remainder of title what you have heard from me...entrust to faithful men who will be able to teach others also/ /
Statement of responsibility, etc. edited by Billie Hanks, Jr. and William A. Shell.
260 ## - PUBLICATION, DISTRIBUTION, ETC.
Place of publication, distribution, etc. Grand Rapids, Mich. :
Name of publisher, distributor, etc. Zondervan Pub. House ;
Place of publication, distribution, etc. Fort Worth, Tex. :
Name of publisher, distributor, etc. International Evangelical Association,
Date of publication, distribution, etc. c1981.
300 ## - PHYSICAL DESCRIPTION
Extent 190 p. ;
Dimensions 20 cm.
504 ## - BIBLIOGRAPHY, ETC. NOTE
Bibliography, etc. note Bibliography: p. 190.
505 0# - FORMATTED CONTENTS NOTE
Formatted contents note The vision for multiplication / Billie Hanks, Jr. -- The Master and His plan / Robert E. Coleman -- Selection of disciples / Robert E. Coleman -- Association with Jesus / Robert E. Coleman -- The need for multiplying disciples / LeRoy Eims -- Multiplying your efforts / Walter A. Henrichsen -- Disciple making and the church / Billie Hanks, Jr. -- Follow-up / Gary W. Kuhne -- Developing a meaningful relationship / Gary W. Kuhne -- Character development / William A. Shell and LeRoy Eims -- Discipleship as a lifestyle / Gene Warr -- The need of the hour / Dawson E. Trotman.
650 #0 - SUBJECT ADDED ENTRY--TOPICAL TERM
Topical term or geographic name entry element Discipling (Christianity)
9 (RLIN) 4375
700 1# - ADDED ENTRY--PERSONAL NAME
Personal name Hanks, Billie.
9 (RLIN) 9077
700 1# - ADDED ENTRY--PERSONAL NAME
Personal name Shell, William A.
9 (RLIN) 1838
906 ## - LOCAL DATA ELEMENT F, LDF (RLIN)
a 7
b cbc
c orignew
d 1
e ocip
f 19
g y-gencatlg
942 ## - ADDED ENTRY ELEMENTS (KOHA)
Source of classification or shelving scheme Dewey Decimal Classification
Koha item type Books
Koha issues (borrowed), all copies 3
Holdings
Withdrawn status Lost status Source of classification or shelving scheme Damaged status Not for loan Home library Current Library Shelving location Date acquired Total checkouts Full call number Barcode Date last seen Date last checked out Copy number Price effective from Koha item type
    Dewey Decimal Classification     GRACE BIBLE COLLEGE GRACE BIBLE COLLEGE Ministry & Mission 2017-12-20 4 253.7 DIS 009771 2025-05-01 2025-02-19 c.1 2017-12-20 Books
© Grace Bible College Library 2025